[Event "WchT 7th"]
[Site "Bursa"]
[Date "2010.01.07"]
[Round "3.1"]
[White "Grischuk, Alexander"]
[Black "Nakamura, Hikaru"]
[Result "1/2-1/2"]
[WhiteElo "2736"]
[BlackElo "2708"]
[Annotator "Marin,M"]
[PlyCount "84"]
[EventDate "2010.01.05"]
[EventType "team-tourn"]
[EventRounds "9"]
[EventCountry "TUR"]
[SourceTitle "CBM 134"]
[Source "ChessBase"]
[SourceDate "2010.01.18"]
[SourceVersion "1"]
[SourceVersionDate "2010.01.18"]
[SourceQuality "1"]
[WhiteTeam "Russia"]
[BlackTeam "US of America"]
[WhiteTeamCountry "RUS"]
[BlackTeamCountry "USA"]

1. d4 f5 2. g3 Nf6 3. c4 g6 4. Nf3 Bg7 5. b4 c6 {I have made a survey of this
system in my note to the game Bacrot,E (2709)-Kamsky,G (2705)/Elista 2007/CBM
119/[Marin] (0-1, 39), see below.} 6. Bg2 O-O 7. O-O Ne4 8. Bb2 d5 9. Nbd2 a5
10. a3 {White intends to keep his queenside attack going, but with his bishop
on g2 (rather than on the f1-a6 diagonal, like in the Queen's Gambit or the
Slav) his control over the b5- and c4-squares is weaker.} (10. bxa5 Qxa5 {
would transpose to the aforementioned Bacrot,E (2709)-Kamsky,G (2705)/Elista
2007/CBM 119/[Marin] (0-1, 39), where ...a5 had been played one move earlier,
without the castles.}) 10... Nd7 $146 {Black follows the classic way of
development: knights first and then bishops.} ({The alternative is} 10... Be6 {
Black immediately increases his pressure over the c4-pawn, but his bishop may
be exposed on e6.} 11. Qc2 Nxd2 {This worked out well in the game, but I
cannot help noticing that Black gives up his strongest piece, after having
spent 3 tempi on it.} 12. Nxd2 {After this mechanical move, Black will start a
powerfull counterplay in the centre, typical for the Gruenfeld Indian.} ({
The unexpected intermediate move} 12. Ng5 {may have caused Black more problems.
For instance} Bf7 13. Qxd2 {[%cal Gf1c1,Gb4b5]} dxc4 {The only way to justify
the previous play, but opening the long light diagonal is not without risk.}
14. Nxf7 Rxf7 15. Qc3 b5 16. a4 $44 {White is better developed and the light
squares in Black's camp are weak.}) 12... dxc4 13. Nxc4 axb4 14. axb4 Na6 $36 {
Now that the e6-bishop is stable, Black exerts strong pressure over the whole
white Queenside.} 15. Rfd1 Nxb4 16. Qb3 Rxa1 17. Bxa1 b5 18. Qxb4 Bxc4 19. Bxc6
Qd6 $15 {Black has a dangerous passed pawn and his bishops are more active
than White's.} 20. Qc5 $6 Qxc5 21. dxc5 Rc8 22. Bd5+ Bxd5 23. Bxg7 Bb3 24. Rb1
Kxg7 25. Rxb3 Rxc5 $17 {Savchenko,S (2571)-Firman,N (2517)/Dresden 2007/EXT
2008 (0-1, 33)}) 11. Qc2 Nb6 12. c5 {I find this a bit premature. There was no
need to release the tension so soon, offering Black a clear plan.} (12. Rfc1 $5
Be6 ({As we will see, placing the bishop in front of the e-pawn will slow down
Black's counterplay based on ...e5. However, it is not easy to suggest an
alternative, such as a half waiting move. For instance:} 12... Kh8 $6 13. cxd5
cxd5 14. Ne5 $36 {[%cal Gc2c7] We can see that the king is badly placed in the
corner. there is a permanent danger of tactics based on Nf7+, while after an
exchange on e5 there would be a threat of e6+.}) 13. c5 Nd7 14. e3 $5 {White
consolidates his centre and prepares the manoeuvre Ne1-d3, possibly followed
by Nf3.} (14. Nb3 a4 15. Na5 Qc7 {is OK for Black, because White cannot play
Bc1-f4 quickly.}) 14... Qc7 15. Ne1 g5 16. Nd3 {[%cal Gd2f3,Ga1b1,Gb4b5] White
has better chances for an advantage than in the game.}) 12... Nd7 13. Nb3 {
White intends to clear matters on the queenside in the most favourable way.} (
13. e3 b5 (13... b6 14. b5 cxb5 15. c6 $44) 14. Ne1 {is less effective now
because of} e5 $132) 13... a4 $1 {Black evaluates correctly that White will
not be able to attack this apparently weak pawn, since the counterplay on the
other wing is quite strong.} (13... axb4 14. axb4 Rxa1 15. Rxa1 b5 16. Ra7 $16
{[%cal Gb3a5]}) 14. Na5 f4 15. Nc4 (15. Qxa4 $6 {fails to win the pawn to}
Ndxc5 $1) (15. Rab1 {, preparing Qxa4 by defending the bishop is too slow.} Qc7
16. Qxa4 Ndf6 17. Qb3 Ng4 $40) 15... g5 16. Nce5 {The knight has reached this
central square after 5 jumps, which is a common situation in the Stonewall
structures. However, the optimal knight placement would be on e5 and d3, which
would keep f4 under pressure and enable f3 at the right moment. Therefore, in
the current position White cannot claim an advantage.} Qe8 17. Nxd7 Bxd7 18.
Ne5 Be6 19. g4 (19. Bxe4 dxe4 20. Qxe4 {is quite dangerous} Rd8 $1 {An
important move before playing ...Bd5. The main idea is to prevent the queen
retreat to d3.} (20... Bd5 21. Qd3 Bxe5 22. dxe5 Qh5 23. f3 fxg3 24. hxg3 Qh3
25. Rf2 {offers White some chances to retain an initiative.}) 21. Rad1 (21. f3
$2 Bf5) 21... Bd5 22. Qb1 Bxe5 23. dxe5 Qh5 24. f3 g4 $40) 19... Nf6 (19...
Bxe5 $2 20. dxe5 {[%csl Ge4]} Bxg4 21. f3 $18) 20. h3 h5 21. f3 {The kingside
structure has been stabilized to Black's favour. The g2-bishop certainly is
useful for defensive purposes, but is completely cut off the rest of the board.
} Nd7 22. Rae1 (22. Qg6 Nxe5 23. Qxe6+ Qf7 24. Qxf7+ Nxf7 25. gxh5 Nh6 $44)
22... Nxe5 23. dxe5 Bf7 24. Bd4 Bg6 25. Qc3 e6 $15 {Black has completed his
regrouping and has no problems at all. In fact, his position looke quite
promissing, in view of the plan of doubling rooks on the h-file. The opening
of the queenside with b4-b5 is inoffensive, since White has not enough forces
available to take advantage of the weaknesses of the c6-pawn. Besides, with
the bishop controlling b1, it would be Black to occupy the b-file.} 26. Kf2 {
Evacuating the dangerous zone in anticipation of an intrusion along the h-file.
} (26. e3 {fails to question Black's stability on this area:} Qe7 27. exf4 $6
Rxf4 28. Be3 $6 Rc4) 26... Qe7 27. Rh1 Kf7 28. Ref1 Ke8 29. Ke1 Kd7 30. Kd2 Rh8
31. Qb2 Raf8 {The game will finish without Black making any serious winning
attempt.} ({The following plan would be interesting, but probably White can
hold his own.} 31... Rab8 32. Qa1 Qd8 33. Qb2 Qc7 34. Qa1 b6 $5 35. cxb6 Rxb6
36. Rc1 ({Accepting the sacrifice with} 36. Bxb6 $6 {would risk remaining weak
on dark squares.} Qxb6 37. Qc3 Qc7) 36... Rbb8 37. Qc3 Qb7 38. Qc5 Bf8 39. Qc3
Qb5 {Black has opened the position only partly. The break ...c5 is not easy to
carry out.}) 32. Qa1 Qd8 33. Qb2 Qa8 34. Qc3 Qa6 35. Rc1 Rh7 36. Qb2 Rfh8 37.
Qc3 Ke7 38. Qb2 hxg4 39. hxg4 Rh2 40. Rxh2 Rxh2 41. Rg1 Qc4 42. Ke1 Qa6 1/2-1/2

[Event "WchT 7th"]
[Site "Bursa"]
[Date "2010.01.08"]
[Round "4.1"]
[White "Gashimov, Vugar"]
[Black "Grischuk, Alexander"]
[Result "0-1"]
[WhiteElo "2759"]
[BlackElo "2736"]
[Annotator "Ftacnik,L"]
[PlyCount "82"]
[EventDate "2010.01.05"]
[EventType "team-tourn"]
[EventRounds "9"]
[EventCountry "TUR"]
[SourceTitle "CBM 134"]
[Source "ChessBase"]
[SourceDate "2010.01.18"]
[SourceVersion "1"]
[SourceVersionDate "2010.01.18"]
[SourceQuality "1"]
[WhiteTeam "Azerbaijan"]
[BlackTeam "Russia"]
[WhiteTeamCountry "AZE"]
[BlackTeamCountry "RUS"]

1. e4 c5 2. Nf3 d6 3. d4 cxd4 4. Nxd4 Nf6 5. Nc3 a6 6. Bg5 e6 7. f4 Qb6 8. Qd3
{[%mdl 4] This relatively rare idea is gaining a following. ChessBase covered
the trend in an opening article in CBM 133. The white queen is hoping for a
more active role, from d3 it can access the g6, g3 and h3 squares very quickly.
} Qxb2 9. Rb1 Qa3 10. f5 (10. Be2 $6 Nbd7 11. O-O Qc5 12. Kh1 Be7 13. a4 Qc7
14. Rf3 h6 15. Rh3 Nc5 16. Qe3 Qa5 17. e5 dxe5 18. fxe5 Ng4 19. Bxg4 Bxg5 20.
Qe2 O-O $17 {Nieuwenhuis,P-Nunn,J (2585)/Utrecht/1986/}) 10... Be7 11. fxe6 (
11. Be2 Qa5 (11... Nc6 12. fxe6 fxe6 13. Nxc6 bxc6) 12. fxe6) 11... fxe6 12.
Be2 Qa5 {Grischuk is taking the risk and avoids complications after the more
natural development of his queenside knight.} (12... Nc6 13. Nxc6 bxc6 14. Bh5+
$1 (14. e5 $6 dxe5 15. Bxf6 gxf6 16. Bh5+ Kf8 17. Qd2 (17. O-O e4 18. Qh3 f5
19. Kh1 Rg8 20. Rb3 Qc5 21. Nxe4 Qxc2 22. Bf3 {Van der Wiel,J (2520)-Gavrikov,
V (2570)/London/1985/} Rg7 $1 $17 {Gavrikov}) 17... Kg7 18. Rb3 Qa5 19. O-O Rg8
20. Kh1 Kh8 21. Qh6 Qd8 22. Ne4 f5 23. Bf7 Qf8 24. Qh5 Rg7 25. Be8 a5 26. Bxc6
Ba6 27. Rf2 Rd8 {0-1, Nunn,J (2585)-Kasparov,G (2740)/Brussels/1986/}) (14. Bd2
Qc5 15. Na4 Qa7 16. Be3 c5 17. O-O O-O 18. e5 dxe5 19. Nb6 Rb8 20. Nxc8 Rbxc8
21. Qxa6 Qxa6 22. Bxa6 Ra8 23. Bc4 Nd5 24. Rxf8+ Kxf8 25. Bf2 $44 {Negi,P 
(2538)-Karjakin,S (2672)/Cap d'Agde rpd/2006/}) (14. O-O Qa5 15. Bxf6 gxf6 16.
Bg4 Rg8 17. Bh3 Rg5 18. Ne2 Rb5 19. Rbd1 Rc5 20. Kh1 Qb5 21. Qf3 Bd7 22. Nf4
Qc4 23. Rb1 Rb5 24. Rb3 Kf7 25. a4 Rxb3 26. cxb3 Qc5 27. Bg4 Qe5 28. Qh3 Qxe4
$2 {Gashimov,V (2644)-Areshchenko,A (2641)/Lausanne/ 2006/} (28... Rh8 $11 {/\}
29. Bh5+ Kg7 30. Bg4 Kf7 $11) 29. Bh5+ $1 Kg7 (29... Kf8 30. Bg6 $1 hxg6 31.
Qh8+ Kf7 32. Qh7+ Ke8 33. Qg8+ Bf8 34. Nxg6 $18) (29... Kg8 30. Qg4+ Kh8 31.
Ng6+ $18) 30. Qg4+ Kh6 $8 31. Qh4 Kg7 32. Be8 $1 $18) 14... Nxh5 $1 (14... g6
$2 15. e5 $1 Nd5 16. Rb3 Qa5 17. Bxe7 Nxe7 18. exd6 Qxh5 19. dxe7 Qh4+ 20. g3
Qxe7 21. O-O Rf8 22. Ne4 $16 {Mamedov,R (2617)-Kokarev,D (2579)/EU-ch Plovdiv/
2008/}) 15. Bxe7 Nf4 (15... Kxe7 $4 16. Nd5+ $18) 16. Qd4 (16. Qg3 $5 e5 17.
Rd1 $44 {is worth a try}) 16... e5 17. Qxe5 dxe5 18. Bxa3 Nxg2+ 19. Kf2 Nf4 20.
Bd6 Ng6 21. h4 h5 {Black has put up a heroic defence and his chances were
close to being equal in Huschenbeth,N (2453)-Bracker,F (2253)/Hamburg/2008/}
22. Kg3 Bg4 23. Rb7 Rd8 24. Bc5 Rd7 25. Rhb1 Nf8 $5 $132) 13. Bd2 Qc7 14. g4 {
Black can be assaulted from different anglers in this line and the new theory
is only just taking shape. The advance of the g-pawn is trying to radically
benefit from White's development advantage.} (14. O-O O-O 15. Qc4 Qd7 $1 (15...
Qxc4 $6 16. Bxc4 Kf7 17. g4 (17. Na4 $5)) 16. Qb3 Kh8 17. Bc4 $6 (17. Be3 $5 {
/\} Nc6 18. Na4 $132 {/=/+}) 17... d5 $1 18. exd5 b5 (18... Nc6 $1 $17) (18...
Bc5 19. Be3 b5 $36 {/\} 20. dxe6 Qa7 $17) 19. Be2 (19. Nxe6 Qa7+ 20. Kh1 bxc4
21. Qxc4 Bxe6 22. dxe6 Qc5 $17) 19... Bc5 20. Kh1 $1 exd5 (20... Bxd4 $6 21.
Qb4 $11) 21. Be3 Nc6 (21... Re8 $142 $5 $17) 22. Ne6 $5 Qxe6 (22... Bxe3 $5 23.
Nxf8 Qd6 24. Nxb5 (24. Rxf6 gxf6 25. Qxd5 Qxd5 26. Nxd5 Bc5 27. Nc7 Ra7 $19) (
24. Nxd5 $6 Nxd5 25. c4 Nd4 (25... bxc4 26. Bxc4 Nf6 27. Qxe3 Qxf8 28. Qb6 $15)
26. Qd3 Bf5 27. Rxf5 bxc4 28. Rxd5 cxd3 29. Rxd6 dxe2 30. Nd7 Re8 $19) 24...
axb5 25. Qxe3 Qxf8 26. Bxb5 $15 {/-/+}) 23. Bxc5 Re8 24. Bf3 Bb7 $5 (24... Na5
25. Qb4 Nc4 26. Bd4 $132) 25. a4 (25. Rbd1 Rac8 $36) (25. Nxd5 Na5 26. Qb4 Bxd5
27. Qxa5 $15) 25... Na5 26. Qb4 Nc4 {1-0 Gashimov,V (2703)-Grischuk,A (2719)/
Elista 2008 (64)}) (14. Qh3 Nc6 15. Nxc6 Qxc6 16. Bh5+ Nxh5 17. Qxh5+ g6 18.
Qh6 Bf6 19. Ne2 Bd7 20. O-O Rf8 21. Rb3 {Bezgodov,A (2543)-Najer,E (2600)/
RUS-ch Elista/2001/} Qxe4 22. Re3 Qh4 23. Ref3 Qxh6 24. Bxh6 Ke7 25. g4 Bb5 $1
$17) 14... h6 (14... h5 $6 15. g5 Ng4 16. Qh3 $1 Qc5 17. Bxg4 Qxd4 18. Bxe6 Nd7
19. Rf1 Kd8 20. Nd5 Qxe4+ 21. Kd1 Nb6 22. Bxc8 Qxd5 23. Be6 Qd4 24. Qd3 $1 {
1-0 Lastin,A (2625)-Kokarev,D (2510)/St Petersburg 2002/}) 15. Qh3 (15. e5 dxe5
16. Qg6+ Kf8 (16... Kd8 17. Nf3 Nc6 18. g5 Ne8 19. O-O Nd4 20. gxh6 Nxe2+ 21.
Nxe2 gxh6 22. Bc3 Bd6 23. Rbd1 Bd7 24. Rxd6 Qxd6 25. Bxe5 Qf8 26. Bxh8 Qxh8 27.
Nfd4 Qg7 {1/2-1/2 Mamedov,N (2607)-Safarli,E (2564)/Baku 2009}) 17. Nf3 Bd7 18.
g5 Be8 19. Qd3 hxg5 20. Nxg5 Bf7 $6 (20... Kg8 $5 $13) 21. Nxf7 Kxf7 22. Rg1 {
1-0, Radjabov,T (2663)-Rowson,J (2577)/Calvia olm/2004/ (31)} Kf8 23. Qg6 Rxh2
24. Qxg7+ Ke8 25. Qg6+ Kd7 26. Rf1 Nc6 27. Rxf6 Bxf6 28. Qxf6 Re8 $11) 15...
Rh7 $146 {The new champion of Russia is not afraid of playing unorthodox moves.
Pushing the rook to h7 tries hard to address the problem of the g-pawn advance,
but it is not a perfect solution.} (15... g5 16. Rf1 Kf7 17. Qf3 Nc6 18. Nxc6
Qxc6 19. h4 Rg8 20. a4 Bd7 21. hxg5 hxg5 22. e5 Qxf3 23. Bxf3 dxe5 24. Rxb7 Ke8
(24... Rac8 $5) 25. Rb6 Ra7 26. Kd1 Bd8 27. a5 $44 {Fleischanderl,F (2264)
-Lorentzen,O (2318)/corr/2004/}) 16. Rf1 {Gashimov did not find the courage
for the radical and spirited tactical solution, when both sides would have to
tiptoe around some mines.} (16. g5 $1 hxg5 17. Nxe6 Qc6 (17... Qd7 $2 18. Qxh7
Nxh7 19. Bh5+ $18) 18. Qf5 Bxe6 19. Qxe6 Rh4 20. Bd3 Qd7 21. Qb3 Nc6 22. Qxb7
Qxb7 23. Rxb7 Nd8 24. Rb6 $16) 16... Nc6 17. Nxc6 (17. Qe3 Bd7 $17) 17... Qxc6
18. e5 (18. Qd3 Rh8 19. Bf3 Qd7 20. Be3 $44) 18... dxe5 19. Bd3 $1 {White is
rightly insisting on benefiting from the oddly placed rook.} (19. Qd3 e4 20.
Nxe4 Qxe4 21. Rxf6 Qxd3 22. Bxd3 Bxf6 23. Bxh7 e5 $15) 19... e4 {The defender
must try to limit the demage as a general retreat would be very dangerous.} (
19... Rh8 20. g5 Nd7 21. Ne4 $36) 20. Nxe4 Nxe4 21. Qh5+ (21. Qe3 $5 Bh4+ 22.
Ke2 e5 23. Bxe4 Bxg4+ 24. Rf3 Qf6 25. Bxh7 Bg5 26. Bg6+ Qxg6 27. Qxe5+ Be7 28.
Rxb7 Bxf3+ 29. Kxf3 Qc6+ 30. Qe4 Qxe4+ 31. Kxe4 O-O-O 32. Rxe7 Rxd2 33. Rxg7
Rxc2 34. Rg6 Rxh2 35. Rxa6 $11) 21... Kd7 22. Rd1 (22. Qe5 Nxd2 23. Kxd2 Bd6
24. Rf7+ Ke8 25. Qh5 g6 26. Bxg6 Rxf7 27. Bxf7+ Ke7 $19) 22... Rh8 (22... Qd5
23. Rf7 Qxh5 24. gxh5 Nd6 25. Rxe7+ Kxe7 26. Bxh7 Nf5 27. Bc3 $11) (22... Nxd2
23. Bxh7 Bg5 24. Qf7+ Kd6 25. Qf8+ Kc7 26. Rxd2 Bxd2+ 27. Kxd2 $11) 23. Bf4 $4
{The tragedy of the critical moment in very complex positions! White has
played with great courage and imagination, but now he misses the right path.
Black would still have to defend very carefully after the correct move: 23.
Rf7!.} (23. Rf7 $1 Nd6 (23... Nc3 24. Qe5 Nxd1 25. Rxe7+ Kxe7 26. Qxg7+ Kd8 (
26... Kd6 27. Bb4+ Kd5 28. c4+ $18) 27. Qxh8+ Kd7 28. Qg7+ Kd8 29. Ba5+ b6 30.
Qd4+ Kc7 31. Be4 Qd6 32. Qxd6+ Kxd6 33. Bb4+ Kc7 34. Bxa8 Ne3 35. Bd2 Nxg4 36.
h3 Nf6 37. Bxh6 $14) 24. Bb4 Nxf7 (24... Rf8 25. Bxd6 Rxf7 26. Qxf7 Qc3+ 27.
Ke2 Kxd6 28. Bf5+ Kc7 29. Qxe7+ Kb8 30. Be4 g5 $11) 25. Qxf7 Kc7 26. Qxe7+ Kb8
27. Bd6+ Ka7 28. Bc5+ $11) 23... Bb4+ $1 24. c3 (24. Ke2 Nc3+ 25. Kf2 Qc5+ $19)
24... Nxc3 25. Bd2 (25. Qf7+ Kd8 26. Rd2 Nd5 27. Qxg7 Qc3 $19) 25... Qd5 (25...
Qd6 26. Rf7+ Kc6 27. Rc1 Qxd3 28. Qe5 a5 29. Bxc3 Kb6 $19) 26. Rf7+ Kc6 27. Rc1
(27. Qxd5+ exd5 28. Rc1 d4 $19) 27... Kb6 {A very human retreat at a highly
charged moment. Even players with ratings well over 2700 are not confident
enough when calculating the complex lines beginning with 27...Qxd3.} (27...
Qxd3 28. Qe5 a5 (28... Qd5 29. Rxc3+ Kb6 30. Qe3+ Kb5 31. Qe2+ Ka4 32. Rf4 Qh1+
33. Rf1 Qd5 34. Rf4 $11) 29. Bxc3 Kb6 30. a3 Bxc3+ 31. Rxc3 Qd5 32. Qe3+ Ka6
33. Qe2+ b5 34. a4 Rb8 35. Rfc7 Rd8 $19) 28. Be3+ (28. Rxc3 Bxc3 29. Bxc3 Rd8 (
29... Qxd3 $4 30. Ba5+ Kc6 31. Rc7+ Kd6 32. Qc5#) 30. Qxd5 exd5 $17) (28. Bxc3
Qxd3 29. Bxb4 Qe4+ 30. Kf1 Qxb4 $19) 28... Ka5 29. a3 Ka4 $1 {The key move of
the whole mad run of the black king to the kingside. I can recall only one
legendary game Kasparov-Topalov, Wijk 1999 where the black king was dragged
from c8 all the way to d1 and finally to e1, only to die there.} (29... Qxh5 $2
30. axb4+ Kxb4 31. gxh5 $16) 30. axb4 (30. Qxd5 Nxd5+ 31. axb4 Nxe3 $19) 30...
Qxd3 31. Qa5+ Kb3 32. Rxc3+ {There is no justice in chess! Black is playing
with a limited number of pieces, but his king survives and he even wins the
game.} (32. Kf2 Qe2+ 33. Kg3 Qxe3+ 34. Rf3 Qxc1 $19) 32... Qxc3+ 33. Bd2 b6 34.
Qxb6 (34. Qh5 Qd3 $19) 34... Qe5+ 35. Kd1 Bb7 {Grischuk has decided to finally
use his immense reserve firepower. Sacrificing the bishop was not necessary as
the centralisation of the queen would bring about a clean sweep.} (35... Qe4 $1
36. b5 a5 $19) 36. Qxb7 (36. Rxb7 Rhd8 37. b5 a5 38. Re7 Rd6 39. Qc7 Rad8 40.
Qc2+ Ka3 41. Qc1+ Qb2 $19) 36... Rhd8 37. Rf3+ Ka2 38. Rf2 Kb1 {The king has
reached its destination unharmed. The mobilisation of the second rook will
decide things on the spot.} 39. Qf3 (39. Re2 Qd4 40. Qe4+ Qxe4 41. Rxe4 Rac8
$19) 39... Rac8 40. Qb3+ Qb2 41. Qxb2+ (41. Qe3 Qc1+ 42. Ke2 Rxd2+ 43. Qxd2 Rc2
$19) 41... Kxb2 {A very interesting game with a fascinating trip by the black
king.} 0-1

[Event "Linares 27th"]
[Site "Linares"]
[Date "2010.02.13"]
[Round "1"]
[White "Aronian, Levon"]
[Black "Grischuk, Alexander"]
[Result "1/2-1/2"]
[WhiteElo "2781"]
[BlackElo "2736"]
[Annotator "Krasenkow,M"]
[PlyCount "52"]
[EventDate "2010.02.13"]
[EventType "tourn"]
[EventRounds "10"]
[EventCountry "ESP"]
[EventCategory "21"]
[SourceTitle "CBM 135"]
[Source "ChessBase"]
[SourceDate "2010.03.17"]
[SourceVersion "1"]
[SourceVersionDate "2010.03.17"]
[SourceQuality "1"]

1. d4 Nf6 2. c4 e6 3. Nc3 Bb4 4. f3 d5 5. a3 Bxc3+ 6. bxc3 c5 7. cxd5 Nxd5 8.
Qd2 {An old, rather harmless move.} Qa5 {Alternatives:} (8... f5) (8... Nc6) 9.
e4 (9. c4 Qxd2+ 10. Bxd2 Nb6 11. e3 Nc6 12. dxc5 Na4 13. Ne2 Nxc5 $11 {1/2
Boros,S-Steiner,L/Budapest 1936/EXT 1999 (41)}) (9. Bb2 Nb6 (9... cxd4 10. cxd4
Nc6 11. e4 Ne3 12. Bc3 Nxf1 13. Kxf1 Qa6+ 14. Ne2 O-O 15. Kf2 $14 {0-1
Baumbach,F-Schlieder,R/Zittau 1956/EXT 2003 (31)}) 10. e3 Na4 11. Rb1 Nxb2 12.
Qxb2 Nc6 (12... O-O 13. Kf2 b6 14. Bb5 Bd7 15. Bd3 Nc6 16. Ne2 cxd4 17. cxd4 e5
18. Be4 exd4 19. Nxd4 Rac8 20. Nb5 $14 {1/2 Steiner,H-Donner,J/Venice 1950/MCD
(41)}) 13. Kf2 O-O 14. Bb5 Qc7 15. Ne2 Na5 16. dxc5 Qxc5 17. Qb4 Qc7 18. Rhd1
b6 $11 {0-1 Muhring,W-Euwe,M/Amsterdam 1950/EXT 1998 (48)}) 9... Qxc3 (9... Nb6
10. Rb1 Bd7 11. Bd3 Ba4 (11... Nc6 12. Rb5 Qa4 13. Rxc5 O-O 14. Bc2 Qa6 15. Bd3
Qa4 16. Ne2 Rad8 17. Bc2 Qa6 18. Bd3 Qa4 19. O-O $16 {0-1 Barden,L-Szabo,J/
Leipzig 1960/EXT 1999 (56)}) 12. Ne2 Nc6 13. O-O O-O-O 14. Qb2 Rd7 15. Bd2 c4
16. Bc2 Bxc2 17. Qxc2 Na4 18. Ng3 g6 19. e5 b5 20. Ne4 $16 {1-0 Portisch,
L-Pogats,J/Budapest 1959/EXT 2000 (57)}) (9... Ne7 10. Rb1 cxd4 11. cxd4 Qxd2+
12. Bxd2 O-O $14 {1/2 Van Wely,L (2585)-Zueger,B (2470)/Horgen 1995/CBM 050})
10. Qxc3 (10. Bb2 Qxd2+ 11. Kxd2 Ne7 (11... Nf6 12. Rc1 O-O 13. Rxc5 Nbd7 14.
Rc1 Nb6 15. Ke3 Bd7 16. Bd3 Rfc8 17. Ne2 Ne8 18. Rxc8 Rxc8 19. Rc1 $14 {
1/2 Sherwin,J-Denker,A/New York 1959/MCD (40)}) 12. dxc5 O-O 13. Nh3 $5 (13.
Rc1 Nec6 14. Ke3 Bd7 15. Bd3 Rc8 16. Ne2 Be8 17. f4 Nd7 18. Rc3 Rc7 19. Rhc1
Rac8 20. Bb5 f5 21. exf5 exf5 22. Rd3 Na5 $11 {1/2 Weinstein,R-Sherwin,J/New
York 1960/MCD (36)}) (13. Ke3 Nec6 14. Bb5 Bd7 15. Bc3 Rc8 $11 {1/2 Taimanov,
M-Milic,B/Kiev 1959/MCL (31)}) 13... Rd8+ (13... Nbc6 $142 {[%cal Yc8d7,Ya8c8]}
) 14. Ke3 Nbc6 15. Bc4 e5 16. Ng5 Rf8 17. Rhf1 Ng6 18. Rad1 h6 19. Rd6 Nf4 20.
Nxf7 Rxf7 21. g3 Nh5 22. f4 exf4+ 23. gxf4 Kf8 24. Bxf7 Kxf7 25. f5 $16 {
1-0 Hertneck,G (2535)-Ketzscher,R/Germany 1991/TD (41)}) 10... Nxc3 11. dxc5
Na4 12. Be3 Bd7 (12... Ke7 13. Rc1 Bd7 14. Ne2 Rc8 15. Nc3 f6 16. Be2 Nxc3 17.
Rxc3 Rc7 18. Kf2 Nc6 19. Rd1 Rd8 20. f4 Be8 $11 {1/2 Carlsson,H-Kaila,O/Sweden
1951/EXT 2007 (37)}) 13. Rb1 (13. Nh3 Ke7 14. Nf4 Rc8 15. Rc1 a5 16. Kf2 Na6
17. Bxa6 Rxa6 18. Rhd1 Rac6 19. Nd3 f6 20. Rd2 R6c7 21. Rb1 e5 $11 {1-0 Khodos,
G-Kuijpers,F/Helsinki 1961/EXT 2001 (40)}) 13... b6 {Black decides on
simplifications.} (13... Bc6 $5 14. Ne2 $5 {[%cal Ye2d4]} e5 $5) 14. cxb6 axb6
{The exchange of the a3- and b6-pawns, with a drawish outcome, can hardly be
avoided.} 15. Bb5 $6 (15. Nh3 $5 {promised more chances. White gives up his
bishop pair, after which he can't hope for any advantage.}) 15... Bxb5 16. Rxb5
Nd7 17. Ne2 Nac5 18. Bc1 Nd3+ 19. Kd2 Nxc1 {Black is satisfied with a draw.} (
19... N7e5 $5 {w was an interesting attempt to play for a win. In case of} 20.
f4 $6 Nf2 21. fxe5 Nxh1 22. Ke3 O-O {Black's chances, despite his trapped
knight, look rather favorable.}) 20. Rxc1 Ke7 21. Rc3 Rhc8 22. Rxc8 Rxc8 23. h4
Ra8 24. Rb3 Nc5 25. Rxb6 Rxa3 26. Nf4 Ra2+ 1/2-1/2